000 00671nam a2200205Ii 4500
003 JO-AjNU
008 230605s9999||||xx |||||||||||||| ||und||
020 _a978-88-6764-052-2
040 _aJO-AjNU
_bara
_erda
_cJO-AjNU
041 _aara
050 1 4 _aNA2707.M34 2015
100 3 _aمحادين، كامل ,
_eauthor
_959615
245 0 0 _aذكريات مرسومة
264 3 1 _aد.ن، د.م، 2015
300 _a110ص
_bيحتوي على رسومات توضيحية
336 _atext
_btxt
_2rdacontent
337 _aunmediated
_bn
_2rdamedia
338 _avolume
_bnc
_2rdacarrier
650 4 _aالرسم المعماري- ادب عربي- منوعات
_959616
999 _aA26836
_c30404
_d30404